| 000 | 00530nam a22001577a 4500 | ||
|---|---|---|---|
| 005 | 20251108165249.0 | ||
| 008 | 250721s1996 xx 000 0 ara d | ||
| 082 | 1 | 4 | _a572.9/يسر |
| 100 | 1 | _aالجوهري، يسري عبد الرزاق | |
| 245 | 1 | 0 | _aالجغرافيا البشرية / |
| 264 | 1 |
_aالإسكندريه : _bمؤسسة شباب الجامعة للطباعة و النشر و التوزيع، _c1996. |
|
| 300 | _a546ص | ||
| 650 | 1 | 7 | _aالجغرافيا البشرية |
| 942 |
_2ddc _cBK |
||
| 999 |
_c23560 _d23560 |
||